Statistics for Spanish Basics

Click here to take the quiz!

General Stats

  • This quiz has been taken 43 times
  • The average score is 9 of 11

Answer Stats

EnglishSpanish% Correct
AdiosGoodbye
97%
Buenas nochesGood night
97%
HolaHello
97%
Buenos diasGood morning
91%
Como estas?How are you?
91%
Buenas tardesGood afternoon
88%
Me llamoMy name is
82%
Hasta luegoSee you later
68%
Como se llamasWhat is your name
68%
Hasta mananaSee you tomorrow
56%
Mucho gustoNice to meet you
47%

Score Distribution

Percentile by Number Answered

Percent of People with Each Score

Your Score History

You have not taken this quiz